[Event "Hessen-chB"]
[Site "Frankfurt"]
[Date "2019.05.31"]
[Round "4"]
[White "Pabel, Ralph"]
[Black "Goodwin, David"]
[Result "1-0"]
[WhiteElo "1903"]
[BlackElo "1546"]
[PlyCount "97"]
[EventDate "2019.05.30"]
[EventType "swiss"]
[EventRounds "7"]
[EventCountry "GER"]
[SourceTitle "EXT 2020"]
[Source "ChessBase"]
[SourceDate "2019.10.17"]
[SourceVersion "1"]
[SourceVersionDate "2019.10.17"]
[SourceQuality "1"]

1. c4 Nf6 2. Nc3 g6 3. d4 Bg7 4. e4 d6 5. Be3 Ng4 6. Bc1 Nf6 7. Be3 Ng4 8. Bc1 Nf6 9. f3 Nbd7 10. Be3 a6 11. Qd2 e5 12. d5 Qe7 13. Nge2 h5 14. Nc1 Qf8 15. Nd3 Bh6 16. Rc1 Bxe3 17. Qxe3 Qh6 18. Qxh6 Rxh6 19. b4 b6 20. h4 Bb7 21. Be2 Ke7 22. 0-0 Rg8 23. c5 bxc5 24. bxc5 dxc5 25. Na4 Kd6 26. Ndxc5 Nxc5 27. Nxc5 Rb8 28. Nxb7+ Rxb7 29. Rc6+ Ke7 30. Bxa6 Ra7 31. Rfc1 Ne8 32. a4 Kd8 33. Rb1 Nd6 34. Kf2 Kd7 35. Rb8 Rh7 36. Bb5 Ke7 37. Ra6 Rxa6 38. Bxa6 f5 39. Bd3 fxe4 40. fxe4 Rf7+ 41. Ke3 Rf4 42. g3 Rg4 43. Kf3 g5 44. hxg5 Nf7 45. g6 Rxg6 46. a5 Rf6+ 47. Ke2 Rg6 48. a6 Rxg3 49. a7 1-0

[Event "Heusenstamm Sparkassen op-A 5th"]
[Site "Heusenstamm"]
[Date "2018.11.24"]
[Round "5"]
[White "Pabel, Ralph"]
[Black "Marzec, Witold"]
[Result "1-0"]
[WhiteElo "1905"]
[BlackElo "1715"]
[PlyCount "95"]
[EventDate "2018.11.22"]
[EventType "swiss"]
[EventRounds "7"]
[EventCountry "GER"]
[SourceTitle "CBM 188 Extra"]
[Source "ChessBase"]
[SourceDate "2019.02.26"]
[SourceVersion "1"]
[SourceVersionDate "2019.02.26"]
[SourceQuality "1"]

1. d4 Nf6 2. c4 e6 3. Nf3 d5 4. Nc3 c6 5. e3 Nbd7 6. cxd5 exd5 7. Bd3 Bd6 8. 0-0 0-0 9. a3 Re8 10. Qc2 Nf8 11. h3 h6 12. Bd2 Be6 13. Ne5 Bxe5 14. dxe5 N6h7 15. f4 g6 16. Kh1 h5 17. Ne2 Qd7 18. Rf3 h4 19. Nd4 Qe7 20. Raf1 c5 21. Nxe6 fxe6 22. Bxg6 Nxg6 23. Qxg6+ Qg7 24. Qxg7+ Kxg7 25. Be1 b5 26. Bxh4 Rf8 27. Rd1 a6 28. g3 Rf7 29. Rf2 c4 30. Kg2 a5 31. Kf3 b4 32. a4 Rd7 33. g4 Nf8 34. Bf6+ Kf7 35. h4 Nh7 36. g5 Kg6 37. Kg4 Nxf6+ 38. exf6 Rh7 39. Rh2 Rh5 40. e4 dxe4 41. Rd7 Rg8 42. Re7 c3 43. bxc3 bxc3 44. Rxe6 Rhh8 45. h5+ Kf7 46. Re7+ Kf8 47. Rc2 Rh6 48. Kf5 1-0

[Event "Heusenstamm Sparkassen op-A 4th"]
[Site "Heusenstamm"]
[Date "2017.11.26"]
[Round "6"]
[White "Pabel, Ralph"]
[Black "Weiland, Thomas"]
[Result "1-0"]
[WhiteElo "1950"]
[BlackElo "1787"]
[PlyCount "93"]
[EventDate "2017.11.23"]
[EventType "swiss"]
[EventRounds "7"]
[EventCountry "GER"]
[SourceTitle "EXT 2019"]
[Source "ChessBase"]
[SourceDate "2018.10.10"]
[SourceVersion "1"]
[SourceVersionDate "2018.10.10"]
[SourceQuality "1"]

1. d4 f5 2. g3 Nf6 3. Bg2 g6 4. Nf3 Bg7 5. 0-0 0-0 6. c4 d6 7. Nc3 c6 8. Rb1 Qe8 9. d5 Bd7 10. Nd4 Na6 11. b4 Nc7 12. dxc6 bxc6 13. b5 c5 14. Nc6 a6 15. a4 axb5 16. axb5 Qf7 17. Qd3 Ne6 18. Nd5 Nxd5 19. Bxd5 Kh8 20. b6 Bxc6 21. Bxc6 Rab8 22. Bd5 Bd4 23. Bb2 Bxb2 24. Rxb2 Qf6 25. Rfb1 f4 26. Qf3 fxg3 27. Qxg3 Ng7 28. Rb3 Nf5 29. Qf4 e5 30. Qf3 Qg5+ 31. Qg2 Qxg2+ 32. Kxg2 Kg7 33. Ra3 Ne7 34. Ra7 Kf6 35. Bf3 h6 36. Rd7 Nf5 37. Kg1 Ke6 38. Ra7 Nd4 39. Bd5+ Kf6 40. Rb2 Rfd8 41. Rf7+ Kg5 42. b7 h5 43. Ra2 Kh6 44. e3 Nf5 45. Ra8 Ng7 46. Rxb8 Rxb8 47. Rc7 1-0

[Event "Heusenstamm Sparkassen op-A 4th"]
[Site "Heusenstamm"]
[Date "2017.11.25"]
[Round "4"]
[White "Pabel, Ralph"]
[Black "Wenzel, Calvin"]
[Result "1-0"]
[WhiteElo "1950"]
[BlackElo "1629"]
[PlyCount "93"]
[EventDate "2017.11.23"]
[EventType "swiss"]
[EventRounds "7"]
[EventCountry "GER"]
[SourceTitle "EXT 2019"]
[Source "ChessBase"]
[SourceDate "2018.10.10"]
[SourceVersion "1"]
[SourceVersionDate "2018.10.10"]
[SourceQuality "1"]

1. d4 Nf6 2. c4 e6 3. Nf3 c5 4. d5 exd5 5. cxd5 d6 6. Nc3 g6 7. e4 a6 8. a4 Bg4 9. Be2 Bxf3 10. Bxf3 Bg7 11. 0-0 0-0 12. Qc2 Nbd7 13. h3 Rb8 14. Be2 Ne8 15. f4 Nc7 16. a5 b5 17. axb6 Rxb6 18. Bd2 Nb5 19. Nxb5 axb5 20. Ba5 c4 21. Rad1 Nc5 22. Kh1 Nb3 23. Bxb6 Qxb6 24. Bg4 Ra8 25. f5 Be5 26. fxg6 hxg6 27. Rf3 Nd4 28. Qf2 Qa7 29. Ra3 Qb7 30. Rxa8+ Qxa8 31. Rxd4 Bxd4 32. Qxd4 b4 33. Kh2 Qa2 34. Bd1 c3 35. bxc3 b3 36. Qb4 b2 37. Bc2 Qa1 38. Qxd6 Qc1 39. Qb8+ Kg7 40. Qb3 Qf4+ 41. Kg1 Qc1+ 42. Kf2 Kf8 43. c4 Ke7 44. c5 g5 45. d6+ Kf6 46. Qd3 Ke6 47. d7 1-0

[Event "Eschborn op"]
[Site "Eschborn"]
[Date "2017.10.15"]
[Round "4"]
[White "Lange, Lars"]
[Black "Pabel, Ralph"]
[Result "1/2-1/2"]
[WhiteElo "1770"]
[BlackElo "1839"]
[PlyCount "54"]
[EventDate "2017.10.13"]
[EventType "swiss"]
[EventRounds "5"]
[EventCountry "GER"]
[SourceTitle "EXT 2019"]
[Source "ChessBase"]
[SourceDate "2018.10.10"]
[SourceVersion "1"]
[SourceVersionDate "2018.10.10"]
[SourceQuality "1"]

1. d4 d5 2. c4 c6 3. Nf3 Nf6 4. Nc3 a6 5. a4 e6 6. e3 Nbd7 7. Qc2 Be7 8. Bd3 dxc4 9. Bxc4 c5 10. 0-0 cxd4 11. exd4 Nb6 12. Be2 0-0 13. Rd1 Nbd5 14. Ne5 Qc7 15. Bg5 b6 16. Rac1 Nxc3 17. Qxc3 Qxc3 18. bxc3 Nd5 19. Bxe7 Nxe7 20. Bf3 Rb8 21. Rb1 Rd8 22. Nc4 b5 23. Ne5 f6 24. Nc6 Nxc6 25. Bxc6 Bd7 26. axb5 axb5 27. Bxd7 Rxd7 1/2-1/2

[Event "Heusenstamm Sparkassen op-A 3rd"]
[Site "Heusenstamm"]
[Date "2016.11.27"]
[Round "7"]
[White "Pabel, Ralph"]
[Black "Hentzgen, Thomas"]
[Result "1/2-1/2"]
[WhiteElo "1927"]
[BlackElo "2042"]
[PlyCount "31"]
[EventDate "2016.11.24"]
[EventType "swiss"]
[EventRounds "7"]
[EventCountry "GER"]
[SourceTitle "EXT 2018"]
[Source "ChessBase"]
[SourceDate "2017.10.13"]
[SourceVersion "1"]
[SourceVersionDate "2017.10.13"]
[SourceQuality "1"]

1. d4 Nf6 2. c4 g6 3. Nc3 Bg7 4. e4 d6 5. Be3 0-0 6. f3 Nc6 7. Nge2 a6 8. Qd2 Na5 9. Nc1 Nd7 10. Be2 c5 11. d5 Ne5 12. b3 f5 13. Bh6 Bxh6 14. Qxh6 e6 15. Qd2 f4 16. Nd1 1/2-1/2

[Event "Eschborn op"]
[Site "Eschborn"]
[Date "2016.09.03"]
[Round "3"]
[White "Pogosian, Norair"]
[Black "Pabel, Ralph"]
[Result "0-1"]
[WhiteElo "1611"]
[BlackElo "1887"]
[PlyCount "69"]
[EventDate "2016.09.02"]
[EventType "swiss"]
[EventRounds "5"]
[EventCountry "GER"]
[SourceTitle "EXT 2018"]
[Source "ChessBase"]
[SourceDate "2017.10.13"]
[SourceVersion "1"]
[SourceVersionDate "2017.10.13"]
[SourceQuality "1"]

1. e4 c6 2. d4 d5 3. Nc3 dxe4 4. Nxe4 Nd7 5. Ng5 Ngf6 6. Bc4 e6 7. Qe2 Nb6 8. Bb3 h6 9. N5f3 Bd6 10. Ne5 0-0 11. Ngf3 Qe7 12. 0-0 Bd7 13. c3 c5 14. dxc5 Bxc5 15. Bc2 Rfd8 16. Bf4 Be8 17. Rad1 Nbd5 18. Bg3 Nh7 19. Rfe1 Nf8 20. Nd3 Bb6 21. Nf4 Nf6 22. Ne5 Rxd1 23. Rxd1 Rd8 24. Rxd8 Qxd8 25. Qd3 Qxd3 26. Bxd3 g5 27. Ne2 Nh5 28. Be4 f5 29. Bxb7 f4 30. Ng4 Kg7 31. Ne5 fxg3 32. hxg3 Nf6 33. Nc4 Bc7 34. Nd4 Kf7 35. Bc6 0-1

[Event "Frankfurt-chA"]
[Site "Frankfurt"]
[Date "2016.06.13"]
[Round "7"]
[White "Pabel, Ralph"]
[Black "Merten, Rainer"]
[Result "1-0"]
[WhiteElo "1867"]
[BlackElo "1663"]
[PlyCount "80"]
[EventDate "2016.04.25"]
[EventType "swiss"]
[EventRounds "9"]
[EventCountry "GER"]
[SourceTitle "EXT 2018"]
[Source "ChessBase"]
[SourceDate "2017.10.13"]
[SourceVersion "1"]
[SourceVersionDate "2017.10.13"]
[SourceQuality "1"]

1. d4 d5 2. c4 c6 3. e3 Nf6 4. Nc3 e6 5. Qc2 Be7 6. cxd5 exd5 7. Bd3 Bg4 8. f3 Bh5 9. Nge2 Nbd7 10. 0-0 Bg6 11. e4 dxe4 12. fxe4 Nb6 13. Kh1 0-0 14. a4 a5 15. Be3 Rc8 16. Rad1 Ng4 17. Bg1 Bg5 18. Nf4 Qc7 19. Nxg6 hxg6 20. Qe2 Nf6 21. Bc2 Rfe8 22. Qf3 Re7 23. Bb3 Rf8 24. e5 Nfd5 25. Bxd5 Nxd5 26. Nxd5 cxd5 27. Qxd5 Rc8 28. Qb5 Re6 29. Qd3 Qc2 30. h3 Rb6 31. Qf3 Qc4 32. d5 Rb3 33. Qxf7+ Kh7 34. e6 Qe4 35. Rf3 Rxf3 36. Qxf3 Qxf3 37. gxf3 Be7 38. d6 Re8 39. dxe7 Rxe7 40. Rd6 Kg8 1-0

[Event "Heusenstamm Sparkassen op-A 2nd"]
[Site "Heusenstamm"]
[Date "2015.11.29"]
[Round "7"]
[White "Pabel, Ralph"]
[Black "Voeller, Lothar"]
[Result "1-0"]
[WhiteElo "1938"]
[BlackElo "1738"]
[PlyCount "65"]
[EventDate "2015.11.26"]
[EventType "swiss"]
[EventRounds "7"]
[EventCountry "GER"]
[SourceTitle "EXT 2018"]
[Source "ChessBase"]
[SourceDate "2017.10.13"]
[SourceVersion "1"]
[SourceVersionDate "2017.10.13"]
[SourceQuality "1"]

1. c4 f5 2. g3 Nf6 3. d4 e6 4. Bg2 Be7 5. d5 0-0 6. Nc3 e5 7. Qc2 d6 8. Bd2 Qe8 9. f3 a5 10. Nh3 Na6 11. Nf2 Nb4 12. Qd1 b6 13. Nb5 Bd8 14. e4 fxe4 15. fxe4 Nfxd5 16. exd5 Rxf2 17. Kxf2 Nd3+ 18. Kg1 Nxb2 19. Qc2 Nxc4 20. Qxc4 Ba6 21. a4 Qh5 22. Rf1 Bg5 23. Bxg5 Qxg5 24. Qe2 Bxb5 25. axb5 a4 26. Be4 a3 27. Qf2 Qe7 28. Bf5 g6 29. Be6+ Kh8 30. Kg2 a2 31. Ra1 Ra5 32. Rhf1 e4 33. Qd4+ 1-0

[Event "Heusenstamm Sparkassen op-A 2nd"]
[Site "Heusenstamm"]
[Date "2015.11.26"]
[Round "1"]
[White "Van Foreest, Jorden"]
[Black "Pabel, Ralph"]
[Result "1-0"]
[WhiteElo "2546"]
[BlackElo "1938"]
[PlyCount "91"]
[EventDate "2015.11.26"]
[EventType "swiss"]
[EventRounds "7"]
[EventCountry "GER"]
[SourceTitle "CBM 169 Extra"]
[Source "ChessBase"]
[SourceDate "2015.12.18"]
[SourceVersion "1"]
[SourceVersionDate "2015.12.18"]
[SourceQuality "1"]

1. e4 c6 2. d4 d5 3. e5 Bf5 4. Nf3 e6 5. Be2 Ne7 6. 0-0 c5 7. dxc5 Nec6 8. c3 Bxc5 9. b4 Bb6 10. b5 Ne7 11. Ba3 Nd7 12. c4 Bc5 13. Bxc5 Nxc5 14. Qd4 Rc8 15. Nbd2 0-0 16. Qe3 Bg6 17. Rfd1 Qb6 18. Nd4 Nf5 19. Nxf5 Bxf5 20. cxd5 exd5 21. Nf3 Rfd8 22. Nd4 Bg6 23. Bg4 Rc7 24. f4 Be4 25. Rac1 Nd3 26. Rxc7 Qxc7 27. e6 Nc5 28. Rc1 b6 29. exf7+ Kxf7 30. Ne6 Qd6 31. Nxd8+ Qxd8 32. Rd1 Qf6 33. Bf3 Qb2 34. Bxe4 Nxe4 35. Qb3 Qxb3 36. axb3 Nc3 37. Rd3 Nxb5 38. Rxd5 a6 39. Rd7+ Kf6 40. Rb7 Kf5 41. Rxb6 Nd4 42. b4 Ne2+ 43. Kf1 Nxf4 44. Rxa6 Nd5 45. b5 Nc7 46. Rc6 1-0

[Event "Regionalliga NW 1415"]
[Site "Bayern"]
[Date "2015.03.15"]
[Round "8.5"]
[White "Schwarzmann, Holger"]
[Black "Pabel, Ralph"]
[Result "1-0"]
[WhiteElo "1834"]
[BlackElo "1867"]
[PlyCount "75"]
[EventDate "2014.10.19"]
[EventType "team-tourn"]
[EventRounds "9"]
[EventCountry "GER"]
[SourceTitle "EXT 2018"]
[Source "ChessBase"]
[SourceDate "2017.10.13"]
[SourceVersion "1"]
[SourceVersionDate "2017.10.13"]
[SourceQuality "1"]
[WhiteTeam "Hoechstadt/Aisch"]
[BlackTeam "Mainaschaff"]
[WhiteTeamCountry "GER"]
[BlackTeamCountry "GER"]

1. d4 f5 2. Nf3 Nf6 3. e3 g6 4. c4 Bg7 5. Nc3 0-0 6. Bd3 d6 7. Qb3 c6 8. c5+ d5 9. Bd2 Nbd7 10. Ng5 Nb8 11. f4 h6 12. Nf3 Kh7 13. 0-0-0 b6 14. Na4 b5 15. Nc3 a5 16. a3 Na6 17. Ne5 Bd7 18. Ne2 Be8 19. Rdg1 Ne4 20. Be1 Bxe5 21. fxe5 Bd7 22. Qc2 Qc7 23. h3 a4 24. g4 e6 25. gxf5 exf5 26. h4 Rg8 27. Nf4 Be8 28. Rg2 Qd8 29. Rhg1 Ra7 30. Bxe4 fxe4 31. Qe2 Qe7 32. Nh5 Rf8 33. Nf6+ Rxf6 34. exf6 Qxf6 35. Rf1 Qg7 36. Rgf2 Nc7 37. Qg4 Bd7 38. Qxd7 1-0

[Event "Eschborn op 11th"]
[Site "Eschborn"]
[Date "2014.09.06"]
[Round "3"]
[White "Lenhardt, Manfred"]
[Black "Pabel, Ralph"]
[Result "1-0"]
[WhiteElo "2023"]
[BlackElo "1829"]
[PlyCount "83"]
[EventDate "2014.09.05"]
[EventType "swiss"]
[EventRounds "5"]
[EventCountry "GER"]
[SourceTitle "EXT 2015"]
[Source "ChessBase"]
[SourceDate "2014.11.20"]
[SourceVersion "1"]
[SourceVersionDate "2014.11.20"]
[SourceQuality "1"]

1. Nf3 d5 2. g3 c5 3. Bg2 Nc6 4. d4 e6 5. 0-0 Nf6 6. c4 Be7 7. Nc3 dxc4 8. Qa4 0-0 9. dxc5 Qa5 10. Qxc4 Qxc5 11. Qxc5 Bxc5 12. Bg5 Rd8 13. Rfd1 Bd7 14. Nd2 Be8 15. Nde4 Be7 16. Nxf6+ gxf6 17. Be3 Rxd1+ 18. Rxd1 Na5 19. Ne4 Bc6 20. b3 Bd5 21. Nc3 Bxg2 22. Kxg2 Kf8 23. Ne4 a6 24. Bb6 Nc6 25. Rd7 Nb4 26. Rxe7 Kxe7 27. Bc5+ Kd8 28. Bxb4 Rc8 29. Nxf6 h6 30. Ng8 h5 31. Nf6 Rc2 32. Nxh5 Rxa2 33. Nf6 Rb2 34. h4 Rxb3 35. h5 Rxb4 36. h6 Ke7 37. h7 Kxf6 38. h8Q+ Ke7 39. Qc3 a5 40. Qc5+ Kd7 41. Qxa5 Rc4 42. Qb5+ 1-0

[Event "Eschborn op 10th"]
[Site "Eschborn"]
[Date "2013.09.01"]
[Round "5"]
[White "Pabel, Ralph"]
[Black "Roediger, Thomas"]
[Result "1-0"]
[WhiteElo "1821"]
[BlackElo "1953"]
[PlyCount "51"]
[EventDate "2013.08.30"]
[EventType "swiss"]
[EventRounds "5"]
[EventCountry "GER"]
[SourceTitle "EXT 2014"]
[Source "ChessBase"]
[SourceDate "2013.11.20"]
[SourceVersion "1"]
[SourceVersionDate "2013.11.20"]
[SourceQuality "1"]

1. d4 Nf6 2. c4 e6 3. Nf3 d5 4. Bg5 Be7 5. Nc3 c6 6. e3 Nbd7 7. Qc2 0-0 8. Rd1 Re8 9. Bd3 dxc4 10. Bxc4 Nd5 11. Bxe7 Qxe7 12. a3 g6 13. h4 Nxc3 14. Qxc3 b5 15. Ba2 c5 16. h5 b4 17. axb4 cxb4 18. Qd2 Bb7 19. hxg6 fxg6 20. d5 Nf6 21. d6 Qg7 22. d7 Red8 23. Bxe6+ Kh8 24. Ne5 Ne4 25. Qd4 Ng5 26. Nxg6# 1-0

[Event "Eschborn op 09th"]
[Site "Eschborn"]
[Date "2012.06.03"]
[Round "4"]
[White "Kettner, Uwe"]
[Black "Pabel, Ralph"]
[Result "1/2-1/2"]
[WhiteElo "1981"]
[BlackElo "1776"]
[PlyCount "95"]
[EventDate "2012.06.01"]
[EventType "swiss"]
[EventRounds "5"]
[EventCountry "GER"]
[SourceTitle "EXT 2014"]
[Source "ChessBase"]
[SourceDate "2013.11.20"]
[SourceVersion "1"]
[SourceVersionDate "2013.11.20"]
[SourceQuality "1"]

1. e4 g6 2. d4 Bg7 3. c4 d6 4. Nc3 c6 5. f4 a6 6. a4 Qb6 7. Nf3 Bg4 8. a5 Qc7 9. Be2 Nd7 10. 0-0 e6 11. Be3 Ne7 12. h3 Bxf3 13. Bxf3 0-0 14. e5 d5 15. Qb3 Rfb8 16. Rfc1 Qd8 17. c5 Qc7 18. Na4 Rf8 19. Nb6 Rab8 20. Ra3 Qd8 21. Be2 Qc7 22. Rf1 Rbe8 23. Qd3 f6 24. Nxd7 Qxd7 25. Rb3 fxe5 26. fxe5 Rxf1+ 27. Bxf1 Nf5 28. Bd2 Rf8 29. g4 Ne7 30. Qg3 Rf7 31. Qh4 Bh8 32. Rg3 Kf8 33. Bd3 Ke8 34. Bg5 Bg7 35. Kg2 Bf8 36. Bf6 Ng8 37. Bg5 Be7 38. Bxe7 Qxe7 39. Qxe7+ Nxe7 40. Rf3 Kf8 41. Kg3 Kg7 42. h4 Rxf3+ 43. Kxf3 h6 44. Kf4 Kf7 45. b4 Kg7 46. Bc2 Kf7 47. Bd1 Kg7 48. Bc2 1/2-1/2

[Event "Eschborn op 09th"]
[Site "Eschborn"]
[Date "2012.06.02"]
[Round "3"]
[White "Pabel, Ralph"]
[Black "Rutsatz, Mario"]
[Result "1-0"]
[WhiteElo "1776"]
[BlackElo "2047"]
[PlyCount "69"]
[EventDate "2012.06.01"]
[EventType "swiss"]
[EventRounds "5"]
[EventCountry "GER"]
[SourceTitle "EXT 2014"]
[Source "ChessBase"]
[SourceDate "2013.11.20"]
[SourceVersion "1"]
[SourceVersionDate "2013.11.20"]
[SourceQuality "1"]

1. d4 Nf6 2. c4 g6 3. Nc3 Bg7 4. e4 d6 5. Be2 0-0 6. Be3 Na6 7. f3 c5 8. g4 Qa5 9. Qd2 h5 10. gxh5 cxd4 11. Bxd4 Qxh5 12. h4 Nc5 13. 0-0-0 a6 14. Nh3 Bxh3 15. Rxh3 Ne6 16. Be3 Qa5 17. Kb1 b5 18. Nd5 Qd8 19. Nxf6+ Bxf6 20. h5 bxc4 21. Bxc4 Rb8 22. b3 Qc8 23. Rc1 Nc5 24. Rg3 e6 25. hxg6 Qc7 26. g7 d5 27. gxf8Q+ Kxf8 28. Bxd5 Nxb3 29. Bxb3 Qxg3 30. Bf4 Qxf3 31. Bd6+ Ke8 32. Bxb8 Qxe4+ 33. Qc2 Qd4 34. Qc6+ Kf8 35. Qd6+ 1-0

[Event "Regionalliga NW 1112"]
[Site "Bayern"]
[Date "2012.04.15"]
[Round "9.7"]
[White "Pabel, Ralph"]
[Black "Zimmermann, Frank1111"]
[Result "1-0"]
[WhiteElo "1761"]
[BlackElo "1709"]
[PlyCount "49"]
[EventDate "2011.10.02"]
[EventType "team-tourn"]
[EventRounds "9"]
[EventCountry "GER"]
[SourceTitle "EXT 2015"]
[Source "ChessBase"]
[SourceDate "2014.11.20"]
[SourceVersion "1"]
[SourceVersionDate "2014.11.20"]
[SourceQuality "1"]
[WhiteTeam "Mainaschaff"]
[BlackTeam "Nordhalben"]
[WhiteTeamCountry "GER"]
[BlackTeamCountry "GER"]

1. d4 d5 2. c4 dxc4 3. e4 e6 4. Bxc4 a6 5. Ne2 b5 6. Bd3 c5 7. 0-0 cxd4 8. Nxd4 Bc5 9. Nb3 Bb6 10. Qe2 Bb7 11. Bf4 Nc6 12. Rd1 Qf6 13. Bg3 e5 14. a4 b4 15. a5 Nd4 16. Nxd4 Bxd4 17. Ra4 Qe7 18. Qe1 Bc5 19. Nd2 Qd7 20. Bc2 Qc7 21. Bb3 Nf6 22. Nc4 Bd4 23. Rxb4 0-0 24. Rxd4 Qc5 25. Nxe5 1-0

[Event "Regionalliga NW 1112"]
[Site "Bayern"]
[Date "2012.02.26"]
[Round "7.7"]
[White "Pabel, Ralph"]
[Black "Doleschal, Johannes"]
[Result "0-1"]
[WhiteElo "1761"]
[BlackElo "1886"]
[PlyCount "71"]
[EventDate "2011.10.02"]
[EventType "team-tourn"]
[EventRounds "9"]
[EventCountry "GER"]
[SourceTitle "EXT 2015"]
[Source "ChessBase"]
[SourceDate "2014.11.20"]
[SourceVersion "1"]
[SourceVersionDate "2014.11.20"]
[SourceQuality "1"]
[WhiteTeam "Mainaschaff"]
[BlackTeam "Kirchenlaibach"]
[WhiteTeamCountry "GER"]
[BlackTeamCountry "GER"]

1. c4 c5 2. Nf3 Nc6 3. d4 cxd4 4. Nxd4 g6 5. b3 Bg7 6. Bb2 Nxd4 7. Bxd4 Qa5+ 8. Nc3 Qxc3+ 9. Bxc3 Bxc3+ 10. Qd2 Bxd2+ 11. Kxd2 Nf6 12. f3 0-0 13. e4 d6 14. g4 a5 15. a4 Bd7 16. Bd3 Bc6 17. Ke3 e6 18. g5 Nh5 19. Rad1 Rfe8 20. Rd2 d5 21. Rhd1 Rad8 22. Be2 Rd7 23. f4 Red8 24. cxd5 exd5 25. Bxh5 gxh5 26. e5 Kg7 27. f5 h6 28. h4 hxg5 29. hxg5 d4+ 30. Kd3 Bd5 31. Rh2 Rc8 32. Rg1 Bf3 33. g6 Bg4 34. Rxg4 hxg4 35. Rh7+ Kg8 36. f6 0-1

[Event "Regionalliga NW 1112"]
[Site "Bayern"]
[Date "2011.12.11"]
[Round "4.7"]
[White "Von Lossow, Marcus"]
[Black "Pabel, Ralph"]
[Result "0-1"]
[WhiteElo "1609"]
[BlackElo "1761"]
[PlyCount "74"]
[EventDate "2011.10.02"]
[EventType "team-tourn"]
[EventRounds "9"]
[EventCountry "GER"]
[SourceTitle "EXT 2013"]
[Source "ChessBase"]
[SourceDate "2012.11.22"]
[SourceVersion "1"]
[SourceVersionDate "2012.11.22"]
[SourceQuality "1"]
[WhiteTeam "Hof"]
[BlackTeam "Mainaschaff"]
[WhiteTeamCountry "GER"]
[BlackTeamCountry "GER"]

1. e4 d6 2. d4 g6 3. Nf3 Bg7 4. Bc4 Nf6 5. Nc3 0-0 6. Bd2 c6 7. h3 b5 8. Bd3 a6 9. 0-0 Nbd7 10. Qc1 c5 11. Bh6 b4 12. Bxg7 Kxg7 13. Ne2 Qc7 14. dxc5 Nxc5 15. Ng3 Bd7 16. Qd2 a5 17. a3 bxa3 18. Rxa3 Rfc8 19. Rfa1 a4 20. b3 Qb7 21. bxa4 Rxa4 22. Rxa4 Bxa4 23. h4 Qb2 24. Rxa4 Nxa4 25. Nf5+ gxf5 26. Qg5+ Kf8 27. Qxf5 Rc5 28. e5 dxe5 29. Ng5 e4 30. Nxh7+ Nxh7 31. Qxh7 exd3 32. Qh6+ Kg8 33. Qa6 dxc2 34. Qa8+ Kg7 35. Qf3 c1Q+ 36. Kh2 Qe5+ 37. g3 Qh6 0-1

[Event "Regionalliga NW 1112"]
[Site "Bayern"]
[Date "2011.11.20"]
[Round "3.7"]
[White "Pabel, Ralph"]
[Black "Kuespert, Helmut"]
[Result "0-1"]
[WhiteElo "1761"]
[BlackElo "1877"]
[PlyCount "78"]
[EventDate "2011.10.02"]
[EventType "team-tourn"]
[EventRounds "9"]
[EventCountry "GER"]
[SourceTitle "EXT 2013"]
[Source "ChessBase"]
[SourceDate "2012.11.22"]
[SourceVersion "1"]
[SourceVersionDate "2012.11.22"]
[SourceQuality "1"]
[WhiteTeam "Mainaschaff"]
[BlackTeam "Marktleuthen"]
[WhiteTeamCountry "GER"]
[BlackTeamCountry "GER"]

1. d4 Nf6 2. Nf3 b6 3. c4 Bb7 4. Nc3 e6 5. a3 Be7 6. d5 0-0 7. e4 exd5 8. cxd5 d6 9. Bd3 Nbd7 10. 0-0 Re8 11. Nd4 Ne5 12. Bb5 Nfd7 13. f4 Ng6 14. b4 a6 15. Bc6 Bxc6 16. Nxc6 Qc8 17. Be3 Bf6 18. Nd4 a5 19. Rc1 axb4 20. axb4 Qb7 21. Qc2 Bxd4 22. Bxd4 c5 23. dxc6 Qxc6 24. Qb2 f6 25. g3 Rac8 26. Nd5 Qb7 27. Rxc8 Qxc8 28. Rc1 Qb8 29. Qb3 Kh8 30. Rc7 Rxe4 31. Qc2 Re8 32. Rxd7 Nf8 33. Rc7 Qa8 34. Nxf6 Re1+ 35. Kf2 Rh1 36. Qc6 Qa2+ 37. Kf3 Rf1+ 38. Kg4 Qe6+ 39. Kh5 Qf5+ 0-1

[Event "Regionalliga NW 1112"]
[Site "Bayern"]
[Date "2011.10.02"]
[Round "1.6"]
[White "Pabel, Ralph"]
[Black "Nigmatulin, Anatolij"]
[Result "1/2-1/2"]
[WhiteElo "1761"]
[BlackElo "1974"]
[PlyCount "49"]
[EventDate "2011.10.02"]
[EventType "team-tourn"]
[EventRounds "9"]
[EventCountry "GER"]
[SourceTitle "EXT 2013"]
[Source "ChessBase"]
[SourceDate "2012.11.22"]
[SourceVersion "1"]
[SourceVersionDate "2012.11.22"]
[SourceQuality "1"]
[WhiteTeam "Mainaschaff"]
[BlackTeam "Bamberg"]
[WhiteTeamCountry "GER"]
[BlackTeamCountry "GER"]

1. c4 Nf6 2. Nc3 g6 3. d4 Bg7 4. e4 0-0 5. e5 Ne8 6. f4 d6 7. Be3 c5 8. exd6 exd6 9. dxc5 Nc6 10. Nge2 Bf5 11. cxd6 Nxd6 12. Bc5 Nxc4 13. Bxf8 Qxf8 14. Qb3 Ne3 15. Rc1 Nb4 16. Ng3 Nec2+ 17. Rxc2 Nxc2+ 18. Kd2 Qd6+ 19. Nd5 Nd4 20. Qxb7 Rd8 21. Bc4 Ne6 22. Ke2 Re8 23. Kf3 Nd4+ 24. Kf2 Qc5 25. Nf6+ 1/2-1/2